[Event "Mediterranean Flower (Women)"]
[Site "Rijeka"]
[Date "2003.03.10"]
[Round "4"]
[White "Grabics, Monika"]
[Black "Trtanj, Tina"]
[Result "1-0"]
[WhiteElo "2340"]
[BlackElo "2158"]
[PlyCount "93"]
[EventDate "2003.03.07"]
[EventType "tourn"]
[EventRounds "9"]
[EventCountry "CRO"]
[SourceTitle "CBM 093 Extra"]
[Source "ChessBase"]
[SourceDate "2003.05.09"]
[SourceVersion "1"]
[SourceVersionDate "2003.05.09"]
[SourceQuality "1"]

1. e4 d5 2. exd5 Qxd5 3. Nc3 Qa5 4. d4 c6 5. Bc4 Nf6 6. Bd2 Bf5 7. Nf3 e6 8. Qe2 Bb4 9. 0-0-0 Nbd7 10. a3 Bxc3 11. Bxc3 Qc7 12. Ne5 Nxe5 13. dxe5 Nd5 14. Bxd5 cxd5 15. Rd4 Rc8 16. Rhd1 a6 17. R1d2 0-0 18. g4 Bg6 19. h4 h6 20. h5 Bh7 21. g5 Bf5 22. gxh6 gxh6 23. Rf4 Qe7 24. Rxf5 Rxc3 25. Qg4+ Kh7 26. Rf6 Rc4 27. Qg3 Rfc8 28. Qd3+ Kg7 29. Qe3 Rh8 30. f3 Qc5 31. Rg2+ Kf8 32. Qd3 Qe7 33. Qg6 Ke8 34. Qg7 Rf8 35. Qxh6 Rh4 36. Qg5 Rh1+ 37. Rg1 Rh2 38. Kb1 Qc5 39. Rc1 d4 40. h6 Qb5 41. Qf4 Qe2 42. Qxd4 Rh8 43. Qa4+ Qb5 44. Qf4 Re2 45. Rxf7 Rxe5 46. Qf6 Qc5 47. Re7+ 1-0